000 00505nam a2200181 4500
001 121445
003 ES-MaACL
005 20230906191743.0
007 t|
008 070214s1972 sp r ||||1| spa d
100 1 _aPorcel, Baltasar.
_993114
245 1 0 _aDifuntos bajo los almendros en flor /
_cBaltasar Porcel.
250 _a1ยช. ed.
260 _aBarcelona :
_bDestino,
_c1972.
300 _a200 p. :
_bil. ;
_c19 cm.
500 _aPremio Josep PLa 1969.
852 _aES-MaACL
_jC-54398
_bR.83903
999 _c121445
_d121445